000 00793nam a22002057a 4500
999 _c8658
_d8658
003 AR-CdUCM
008 190325b ||||| |||| 00| 0 spa d
040 _aMUNICIPALIDAD PROVINCIAL DEL CUSCO
_cBIBLIOTECA MUNICIPAL DEL CUSCO
082 _a510 /
_bL86
100 _aMedrano Lopez, Santiago
_924200
245 _aGraficas /
260 _aMéxico :
_bAsociacion Nacional de Universidades e Institutos de Enseñanza Superior ,
_c1972.
300 _a59 páginas ;
_c21.5 cm
505 _aContenido : Las graficas como modelos -- Problemas de Recorridos -- Lo que hizo Euler -- Juegos con Graficas -- Las teorias Matematicas -- Bibliografia...
650 _aGraficas
_924201
650 _aModelos Matematicos
_96449
650 _aTeoria Matematica
_924202
942 _2ddc
_cLIBROS
945 _artm